| 000 | 00604nab a2200193 a 4500 | ||
|---|---|---|---|
| 005 | 20210219160912.0 | ||
| 008 | 991125s1985 mx 000 0 spa u | ||
| 035 | _aUPN01000174997 | ||
| 100 | 1 | _aParrilla, Angeles | |
| 222 | _aREVISTA DE EDUCACION | ||
| 245 | _a¿ Y si la investigación sobre inclusiónb no fuera inclusiva ? : reflexiones desde una investigación biográfico-narrativa | ||
| 260 | _aMadrid, España | ||
| 300 | _a101-117 | ||
| 362 | 0 | _a2009 No. 349, may.-ago. | |
| 653 | 0 | _aINCLUSION EDUCATIVA | |
| 653 | 0 | _aINVESTIGACION INCLUSIVA | |
| 653 | 0 | _aJOVENES | |
| 905 | _aArticulo | ||
| 999 |
_c147101 _d147101 |
||